000 01014nam a22002057a 4500
003 OSt
005 20260213052407.0
008 181220b2008 ||||| |||| 00| 0 eng
020 _a9788131601693
040 _cPB
082 _a320.8 CHH
100 _aChhetri, Hriprasad
245 _aPanchayat raj system and development planning :
_bthe case of Sikkim /
_cHariprasad Chhetri
260 _aJaipur :
_bRawat Publications,
_c2008.
300 _a316 p. ;
_c23 cm.
505 _a1 Introduction 2 Panchayati Raj Institutions in Sikkim 3 Gram Sabha Members' Perception of Panchayati Raj 4 Elected Representatives and Panchayat Officials: Background and Views 5 Major Findings, Conclusions and Recommendations Appendix - A: The Constitution (73rd Amendment) Act, 1992 Appendix - B: The Sikkim Panchayat Act, 1993 (Act No. 6 of 1993) Appendix - C: The Sikkim Panchayat (Amendment) Act, 1995 (Act No. 10 of 1995) 195
650 _aPanchayat raj
650 _aPanchayati raj institutions
942 _2ddc
_cBK
999 _c112392
_d112392